Facultad de Derecho – Universidad Nacional de Mar del Plata

Bioética y Derechos HUmanos (Record no. 4619)

MARC details
000 -CABECERA
campo de control de longitud fija 00393nam a22001217a 4500
080 ## - NUMERO DE CLASIFICACION DECIMAL UNIVERSAL (CDU)
Número de la Clasificación Decimal Universal 340.6+ B 52
245 ## - MENCION DE TITULO
Título propiamente dicho Bioética y Derechos HUmanos
260 ## - PUBLICACION, DISTRIBUCION, ETC. (PIE DE IMPRENTA)
Lugar de publicación, distribución, etc. Mar del Plata
Nombre del editor, distribuidor, etc. Universidad Nacional de Mar del Plata- Facultad de Derecho- Secretaría de Posgrado
300 ## - DESCRIPCION FISICA
Extensión 163 P:
650 ## - ASIENTO SECUNDARIO DE MATERIA - TERMINO TEMATICO
Subdivisión general bioetica
-- derechos humanos
-- argumentacion juridica
-- Working
942 ## - ELEMENTOS AGREGADOS (KOHA)
Clasificación normalizada de Koha para alfabetizar _
945 ## - INFORMACION DE PROCESAMIENTO LOCAL
Responsable de carga/modificación Celeste Delía
AAAA-MM-DD - Fecha de ingreso/modificación 2017-09-27
Holdings
Retirado Perdido Fuente de clasificación Dañado No se presta Ubicación permanente Locación actual Estante o sala Fecha de adquisición Total préstamos Signatura topográfica Inventario Ultima fecha vista Fecha del precio Tipo de item de Koha
          Bib. Derecho Bib. Derecho Biblioteca Graduados 27/09/2017   340.6+ B 52 301719 27/09/2017 27/09/2017 LIBRO (Consulta)
          Bib. Derecho Bib. Derecho Biblioteca Graduados 27/09/2017   340.6+ B 52 301723 27/09/2017 27/09/2017 LIBRO

XHTML | CSS | ©Biblioteca Central - Dto. Tecnología de la Información - [ Con tecnología Koha ]